Central Library OPAC University of Rajshahi

The Sage handbook of sociology / (Record no. 33216)

MARC details
000 -LEADER
fixed length control field 00901nam a2200289 a 4500
001 - CONTROL NUMBER
control field 33216
003 - CONTROL NUMBER IDENTIFIER
rucl marc code BD-RjUL
005 - DATE AND TIME OF LATEST TRANSACTION
control field 20211209051952.0
008 - FIXED-LENGTH DATA ELEMENTS--GENERAL INFORMATION
fixed length control field 140430s2005 enk b 001 0 eng
020 ## - INTERNATIONAL STANDARD BOOK NUMBER
International Standard Book Number 0761968210
035 ## - SYSTEM CONTROL NUMBER
System control number (BD-RjUL)33307
040 ## - CATALOGING SOURCE
Original cataloging agency DLC
Transcribing agency DLC
Modifying agency DLC
-- BD-RjUL
Language of cataloging eng
041 ## - LANGUAGE CODE
Language code of text/sound track or separate title eng
082 00 - DEWEY DECIMAL CLASSIFICATION NUMBER
Classification number 301
Edition number 22
Author mark and year SAG 2005
245 04 - TITLE STATEMENT
Title The Sage handbook of sociology /
Statement of responsibility, etc. edited by Craig Calhoun, Chris Rojek, and Bryan Turner.
260 ## - PUBLICATION, DISTRIBUTION, ETC. (IMPRINT)
Place of publication, distribution, etc. London ;
-- Thousand Oaks, Calif. :
Name of publisher, distributor, etc. Sage Publications,
Date of publication, distribution, etc. 2005.
300 ## - PHYSICAL DESCRIPTION
Pagination xv, 590 ;
Size 26 cm.
504 ## - BIBLIOGRAPHY, ETC. NOTE
Bibliography, etc Includes bibliographical references and index.
650 #0 - SUBJECT ADDED ENTRY--TOPICAL TERM
Topical term or geographic name as entry element Sociology.
9 (RLIN) 100874
700 1# - ADDED ENTRY--PERSONAL NAME
Personal name Calhoun, Craig J.,
Dates associated with a name 1952-
Personal name Rojek, Chris.
Personal name Turner, Bryan S.
710 2# - ADDED ENTRY--CORPORATE NAME
Corporate name or jurisdiction name as entry element Sage Publications.
9 (RLIN) 100876
942 ## - ADDED ENTRY ELEMENTS (KOHA)
Source of classification or shelving scheme Dewey Decimal Classification
Koha item type Books
Holdings
Lost status Source of classification or shelving scheme Damaged status Not for loan Collection code Permanent Location Current Location Shelving location Date acquired Source of acquisition Cost, normal purchase price Total Checkouts Full call number Date last seen Copy number Koha item type
  Dewey Decimal Classification   Not For Loan Non-fiction Central Library, University of Rajshahi Central Library, University of Rajshahi Reading Room 10/08/2006 Dhaka paragon enterprise 900.00   301 SAG 2005 30/04/2014 C-1 Books
  Dewey Decimal Classification     Non-fiction Central Library, University of Rajshahi Central Library, University of Rajshahi   10/08/2006 Paragon Enterprise ltd., Dhaka 85.00   301 SAG 2005 30/07/2016 C-2 Books